Theodor Mommsen, Giosué Carducci, Frans Emil Sillanpää, Hermann Hesse, Juan Ramón Jiménez (Registro nro. 198415)
[ vista simple ]
| 000 -LEADER | |
|---|---|
| campo de control de longitud fija | 02074nam a2200421 i 4500 |
| 001 - NÚMERO DE CONTROL | |
| campo de control | 198415 |
| 003 - IDENTIFICADOR DE NÚMERO DE CONTROL | |
| campo de control | ES-MaACL |
| 005 - FECHA Y HORA DE LA ÚLTIMA TRANSACCIÓN | |
| campo de control | 20260601172324.0 |
| 007 - CAMPO FIJO DE DESCRIPCIÓN FÍSICA--INFORMACIÓN GENERAL | |
| campo de control de longitud fija | ta |
| 008 - DATOS DE LONGITUD FIJA--INFORMACIÓN GENERAL | |
| campo de control de longitud fija | 260601s1960 sp a|||| |||| 001 1 spa d |
| 017 ## - NÚMERO DE COPYRIGHT O DE DEPÓSITO LEGAL | |
| Número de copyright o de depósito legal | B 1417-1960 |
| Agencia que asigna | Oficina Depósito Legal Barcelona |
| 040 ## - FUENTE DE CATALOGACIÓN | |
| Centro catalogador/agencia de origen | ES-MaACL |
| Lengua de catalogación | spa |
| Centro/agencia transcriptor | ES-MaACL |
| Normas de descripción | rda |
| 080 ## - NÚMERO DE LA CLASIFICACIÓN DECIMAL UNIVERSAL | |
| Número de la Clasificación Decimal Universal | 82"18/19"(082.2) |
| 100 1# - ENTRADA PRINCIPAL--NOMBRE DE PERSONA | |
| Nombre de persona | Mommsen, Theodor, |
| Fechas asociadas al nombre | 1817-1903 |
| Relación | aut |
| 9 (RLIN) | 82081 |
| Término indicativo de función/relación | Autor |
| 245 10 - MENCIÓN DEL TÍTULO | |
| Título | Theodor Mommsen, Giosué Carducci, Frans Emil Sillanpää, Hermann Hesse, Juan Ramón Jiménez |
| 264 #1 - PRODUCCIÓN, PUBLICACIÓN, DISTRIBUCIÓN, FABRICACIÓN Y COPYRIGHT | |
| Producción, publicación, distribución, fabricación y copyright | Barcelona : |
| Nombre del de productor, editor, distribuidor, fabricante | Plaza & Janés, |
| Fecha de producción, publicación, distribución, fabricación o copyright | 1960 |
| 300 ## - DESCRIPCIÓN FÍSICA | |
| Extensión | 2014 páginas y 5 hojas sin numerar : |
| Otras características físicas | retratos (blanco y negro) ; |
| Dimensiones | 18 cm |
| 336 ## - TIPO DE CONTENIDO | |
| Fuente | rdacontent |
| Término de tipo de contenido | Texto |
| 337 ## - TIPO DE MEDIO | |
| Fuente | rdamedia |
| Nombre/término del tipo de medio | sin mediación |
| 338 ## - TIPO DE SOPORTE | |
| Fuente | rdacarrier |
| Nombre/término del tipo de soporte | volumen |
| 490 0# - MENCIÓN DE SERIE | |
| Mención de serie | Los premios Nobel de literatura ; |
| Designación de volumen o secuencia | 7 |
| 500 ## - NOTA GENERAL | |
| Nota general | Registro provisional |
| 500 ## - NOTA GENERAL | |
| Nota general | Índice |
| 505 0# - NOTA DE CONTENIDO CON FORMATO | |
| Nota de contenido con formato | Historia de Roma (fragmento) / Theodor Mommsen -- Odas bárbaras ; Rimas y ritmos ; Ensayos / Giosue Carducci -- Silja ; La vida y el sol / Frans Emil Sillanpää -- Hermann Lauscher ; Viaje al Oriente ; El juego de los abalorios / Hermann Hesse -- Platero y yo ; Españoles de tres mundos ; Pastorales ; Poemas májicos y dolientes ; Sonetos espirituales ; Diario de un poeta reciéncasado ; Eternidades ; Dios deseado y deseante / Juan Ramón Jiménez |
| 546 ## - NOTA DE IDIOMA | |
| Nota de lengua/lenguaje | Traducido del finés, italiano y alemán |
| 650 #4 - PUNTO DE ACCESO ADICIONAL DE MATERIA--TÉRMINO DE MATERIA | |
| Término de materia o nombre geográfico como elemento de entrada | Literatura- |
| Subdivisión cronológica | S.XIX |
| 9 (RLIN) | 160173 |
| 650 #4 - PUNTO DE ACCESO ADICIONAL DE MATERIA--TÉRMINO DE MATERIA | |
| Término de materia o nombre geográfico como elemento de entrada | Literatura- |
| Subdivisión cronológica | S.XX |
| 9 (RLIN) | 14497 |
| 700 1# - ENTRADA AGREGADA--NOMBRE PERSONAL | |
| Nombre de persona | Carducci, Giosuè ( |
| Fechas asociadas al nombre | 1835-1907) |
| Relación | aut |
| 9 (RLIN) | 35212 |
| Término indicativo de función/relación | Autor |
| 700 1# - ENTRADA AGREGADA--NOMBRE PERSONAL | |
| Nombre de persona | Sillanpää, Frans Eemil ( |
| Fechas asociadas al nombre | 1888-1964) |
| Relación | aut |
| 9 (RLIN) | 174467 |
| Término indicativo de función/relación | Autor |
| 700 1# - ENTRADA AGREGADA--NOMBRE PERSONAL | |
| Nombre de persona | Hesse, Hermann, |
| Fechas asociadas al nombre | 1877-1962 |
| Relación | aut |
| 9 (RLIN) | 63472 |
| Término indicativo de función/relación | Autor |
| 700 1# - ENTRADA AGREGADA--NOMBRE PERSONAL | |
| Nombre de persona | Jiménez, Juan Ramón, |
| Fechas asociadas al nombre | 1881-1958 |
| 9 (RLIN) | 66417 |
| Relación | aut |
| Término indicativo de función/relación | Autor |
| 700 1# - ENTRADA AGREGADA--NOMBRE PERSONAL | |
| Nombre de persona | Rolland, Romain, |
| Fechas asociadas al nombre | 1866-1944 |
| 9 (RLIN) | 239240 |
| Relación | aut |
| Término indicativo de función/relación | Autor |
| 852 ## - LOCALIZACIÓN | |
| Ubicación | ES-MaACL |
| Ubicación en estantería | Despachos-biblioteca |
| Número de control de estantería | DB-218 |
| Donativo/Legado | Donación: J. Porto |
| Encuadernación | Encuadernación cartoné |
| itemnumber | 207393 |
| 942 ## - ELEMENTOS DE ENTRADA SECUNDARIOS (KOHA) | |
| Tipo de ítem Koha | Libro impreso |
| Suprimir en OPAC | No |
| Estatus retirado | Estado de pérdida | Fuente del sistema de clasificación o colocación | Estado de daño | No para préstamo | Biblioteca de origen | Biblioteca actual | Ubicación en estantería | Fecha de adquisición | Fuente de adquisición | Total de préstamos | Signatura topográfica completa | Código de barras | Visto por última vez | Precio de reemplazo | Tipo de ítem Koha |
|---|---|---|---|---|---|---|---|---|---|---|---|---|---|---|---|
| Clasificación decimal universal | Biblioteca del Ateneo de Madrid | Biblioteca del Ateneo de Madrid | Despachos-biblioteca | 01/06/2026 | Donación | DB-218 | 2026-0385 | 01/06/2026 | 01/06/2026 | Libro impreso |
